BART Red Line Stations - Statistics

General Stats
  • This quiz has been taken 11 times
  • The average score is 21 of 24
Answer Stats
Answer % Correct
Embarcadero
100%
MacArthur
100%
San Bruno
100%
San Francisco International Airport/SFO/San Francisco Airport
100%
West Oakland
100%
19th St Oakland
90%
Ashby
90%
Colma
90%
Daly City
90%
Downtown Berkeley
90%
Millbrae
90%
North Berkeley
90%
Richmond
90%
South San Francisco
90%
12th St Oakland/City Center
80%
16th St. Mission
80%
24th St. Mission
80%
Balboa Park
80%
Civic Center/UN Plaza
80%
El Cerrito Del Norte
80%
El Cerrito Plaza
80%
Glen Park
80%
Montgomery St.
80%
Powell St.
80%
No matching quizzes found
Score Distribution
Percent of People with Each Score
Percentile by Number Answered
Your Score History
You have not taken this quiz